000 00288nam a2200109Ia 4500
008 200302s9999 xx 000 0 und d
100 _aPaul Mcgillick & Other
245 _aSydney Architecture the Marking of Global City
260 _bPeriplus Editions Ltd.
260 _c2005
300 _a191
999 _c3402
_d3402